000 00496nam a2200169Ia 4500
003 IN-BaIIA
005 20250701141138.0
008 211028s9999 xx 000 0 eng d
040 _cIIA Library
080 _a551.510.5
_bWHA
100 _aWhale, H. A
_96435
245 0 _aEffects of ionospheric scattering on very long distance radio communication
_cH. A. Whale
260 _aNew York
_bPlenum Press
_c1969
650 _aIonospheric Scattering
_96436
650 _aRadio
_93054
942 _cBK
_2ddc
999 _c3628
_d3628